[Event "SVK-chT2D 1920"]
[Site "Slovakia"]
[Date "2020.03.07"]
[Round "10.4"]
[White "Krajnak, Juraj"]
[Black "Ackerman, Ernest"]
[Result "1-0"]
[WhiteElo "2046"]
[BlackElo "2028"]
[PlyCount "81"]
[EventDate "2019.10.26"]
[EventType "team-tourn"]
[EventRounds "11"]
[EventCountry "SVK"]
[SourceTitle "EXT 2022"]
[Source "ChessBase"]
[SourceDate "2021.10.06"]
[SourceVersion "1"]
[SourceVersionDate "2021.10.06"]
[SourceQuality "1"]
[WhiteTeam "Poprad LS VD"]
[BlackTeam "Moldava nad Bodvou"]
[WhiteTeamCountry "SVK"]
[BlackTeamCountry "SVK"]

1. f4 c5 2. e4 d6 3. Nf3 Nc6 4. Nc3 g6 5. Bb5 Bg7 6. 0-0 e6 7. Bxc6+ bxc6 8. d3 Ne7 9. Qe1 0-0 10. e5 d5 11. Na4 c4 12. d4 a5 13. g4 h6 14. Bd2 Ra7 15. Rd1 Bd7 16. Nc5 Be8 17. Nh4 Kh7 18. Bc1 Rg8 19. Kh1 Bf8 20. Rf3 Bd7 21. Rh3 Nc8 22. Nf3 Rh8 23. f5 Kg8 24. f6 a4 25. Be3 Be8 26. Qd2 a3 27. b4 Nd6 28. exd6 Qxf6 29. Bf4 Qd8 30. d7 Bxd7 31. Ne5 Be8 32. c3 Qc8 33. g5 h5 34. Qf2 Bg7 35. Rf1 Qd8 36. Nf3 Kh7 37. Qe3 Rf8 38. Be5 Bxe5 39. Nxe5 Kg8 40. Rf6 Re7 41. Qf3 1-0

[Event "SVK-chT2D 1718"]
[Site "Slovakia"]
[Date "2018.02.04"]
[Round "7.3"]
[White "Ferkova, Dominika"]
[Black "Krajnak, Juraj"]
[Result "1/2-1/2"]
[WhiteElo "2019"]
[BlackElo "2079"]
[PlyCount "85"]
[EventDate "2017.10.28"]
[EventType "team-tourn"]
[EventRounds "11"]
[EventCountry "SVK"]
[SourceTitle "EXT 2019"]
[Source "ChessBase"]
[SourceDate "2018.10.10"]
[SourceVersion "1"]
[SourceVersionDate "2018.10.10"]
[SourceQuality "1"]
[WhiteTeam "Bardejov II"]
[BlackTeam "Poprad LS VD"]
[WhiteTeamCountry "SVK"]
[BlackTeamCountry "SVK"]

1. d4 c5 2. d5 e5 3. c4 d6 4. e4 g6 5. Nc3 Bg7 6. Be3 Ne7 7. Qd2 a6 8. f3 Nd7 9. Nge2 b6 10. Bh6 0-0 11. g4 Nf5 12. Bg5 Nh4 13. Ng1 Bf6 14. Bh6 Re8 15. Qe3 Bg7 16. Bg5 Bf6 17. Bxf6 Qxf6 18. g5 Qe7 19. 0-0-0 f6 20. Nh3 Nf8 21. gxf6 Qxf6 22. f4 Bxh3 23. fxe5 Qf3 24. Qxf3 Nxf3 25. Bxh3 Nxe5 26. b3 Nfd7 27. Kd2 Rf8 28. Rhf1 Kg7 29. Ke3 Nf6 30. Ke2 Nfg4 31. Bxg4 Nxg4 32. h3 Ne5 33. Ke3 h6 34. a4 Rxf1 35. Rxf1 Rf8 36. Rxf8 Kxf8 37. Ne2 Kg7 38. Nf4 g5 39. Ne6+ Kf6 40. Nc7 a5 41. Ne8+ Ke7 42. Ng7 Kf6 43. Ne8+ 1/2-1/2

[Event "SVK-chT2D 1617"]
[Site "Slovakia"]
[Date "2017.03.12"]
[Round "11.2"]
[White "Marek, Stanislav"]
[Black "Krajnak, Juraj"]
[Result "1/2-1/2"]
[WhiteElo "2157"]
[BlackElo "2093"]
[PlyCount "40"]
[EventDate "2016.10.08"]
[EventType "team-tourn"]
[EventRounds "11"]
[EventCountry "SVK"]
[SourceTitle "EXT 2019"]
[Source "ChessBase"]
[SourceDate "2018.10.10"]
[SourceVersion "1"]
[SourceVersionDate "2018.10.10"]
[SourceQuality "1"]
[WhiteTeam "Presov Tatran"]
[BlackTeam "Poprad LS VD"]
[WhiteTeamCountry "SVK"]
[BlackTeamCountry "SVK"]

1. d4 Nf6 2. Nf3 c5 3. d5 d6 4. Nc3 g6 5. e4 Bg7 6. Bb5+ Nfd7 7. a4 a6 8. Be2 Nf6 9. Nd2 Nbd7 10. 0-0 0-0 11. Nc4 Nb6 12. Ne3 Bd7 13. Qd3 Be8 14. a5 Nc8 15. Nc4 Bb5 16. f4 b6 17. axb6 Nxb6 18. Nxb5 axb5 19. Rxa8 Nxa8 20. Nd2 Nc7 1/2-1/2

[Event "SVK-chT2D 1617"]
[Site "Slovakia"]
[Date "2016.10.09"]
[Round "2.4"]
[White "Krajnak, Juraj"]
[Black "Pcola, Jaroslav"]
[Result "1/2-1/2"]
[WhiteElo "2093"]
[BlackElo "1932"]
[PlyCount "41"]
[EventDate "2016.10.08"]
[EventType "team-tourn"]
[EventRounds "11"]
[EventCountry "SVK"]
[SourceTitle "EXT 2018"]
[Source "ChessBase"]
[SourceDate "2017.10.13"]
[SourceVersion "1"]
[SourceVersionDate "2017.10.13"]
[SourceQuality "1"]
[WhiteTeam "Poprad LS VD"]
[BlackTeam "Humenne Reinter II"]
[WhiteTeamCountry "SVK"]
[BlackTeamCountry "SVK"]

1. f4 d5 2. e3 Nf6 3. Nf3 Nc6 4. d4 Ne4 5. c4 e6 6. Bd3 Bb4+ 7. Bd2 Nxd2 8. Nbxd2 dxc4 9. Bxc4 0-0 10. 0-0 b6 11. Bd3 f5 12. Rc1 Bb7 13. Bc4 Rf6 14. Kh1 Rg6 15. Rf2 Be7 16. a3 Na5 17. Ne5 Rh6 18. Ndf3 Nc6 19. Nxc6 Bxc6 20. Ne5 Be4 21. Nf3 1/2-1/2

[Event "SVK-chT2D 0910"]
[Site "Slovakia"]
[Date "2010.02.28"]
[Round "11.3"]
[White "Krajnak, Juraj"]
[Black "Pastir, Stanislav"]
[Result "1/2-1/2"]
[WhiteElo "2121"]
[BlackElo "2020"]
[PlyCount "57"]
[EventDate "2009.10.10"]
[EventType "team"]
[EventRounds "11"]
[EventCountry "SVK"]
[SourceTitle "EXT 2011"]
[Source "ChessBase"]
[SourceDate "2010.11.26"]
[SourceVersion "1"]
[SourceVersionDate "2010.11.26"]
[SourceQuality "1"]
[WhiteTeam "Kezmarok II"]
[BlackTeam "Presov Tatran"]
[WhiteTeamCountry "SVK"]
[BlackTeamCountry "SVK"]

1. e4 c5 2. f4 d6 3. Nf3 Nc6 4. d3 g6 5. Be2 Bg7 6. c3 e6 7. 0-0 Nge7 8. Qe1 d5 9. Kh1 b6 10. Na3 Bb7 11. Nh4 f5 12. e5 a6 13. Nc2 d4 14. c4 g5 15. Bh5+ Kd7 16. fxg5 Nxe5 17. Qe2 N7g6 18. Nf3 Nxf3 19. Bxf3 Bxf3 20. Rxf3 Qc7 21. Qf2 Ne5 22. Bf4 Ng4 23. Qh4 Be5 24. Raf1 Bxf4 25. Rxf4 Ne5 26. Qg3 Ng6 27. R4f3 Qxg3 28. Rxg3 Kd6 29. Ne1 1/2-1/2

[Event "SVK-chT 0809"]
[Site "Slovakia"]
[Date "2009.03.15"]
[Round "11"]
[White "Srvatka, Igor"]
[Black "Krajnak, Juraj"]
[Result "1/2-1/2"]
[WhiteElo "2196"]
[BlackElo "2162"]
[PlyCount "102"]
[EventDate "2008.10.25"]
[EventType "team-tourn"]
[EventRounds "11"]
[EventCountry "SVK"]
[SourceTitle "EXT 2019"]
[Source "ChessBase"]
[SourceDate "2018.10.10"]
[SourceVersion "1"]
[SourceVersionDate "2018.10.10"]
[SourceQuality "1"]
[WhiteTeam "Trencin"]
[BlackTeam "Kezmarok"]
[WhiteTeamCountry "SVK"]
[BlackTeamCountry "SVK"]

1. d4 c5 2. d5 e5 3. e4 d6 4. Nc3 g6 5. Nf3 Bg7 6. h3 Ne7 7. Be2 a6 8. a4 b6 9. 0-0 Nd7 10. Nd2 0-0 11. Nc4 Qc7 12. f4 f6 13. f5 Rb8 14. Be3 Kh8 15. fxg6 hxg6 16. Qe1 b5 17. axb5 axb5 18. Na5 c4 19. b4 Kg8 20. Qh4 Rf7 21. Bg4 Nf8 22. Bxc8 Qxc8 23. Rf2 Qd7 24. Raf1 Nh7 25. g4 Rbf8 26. Rg2 Rb8 27. Qe1 g5 28. h4 Ng6 29. h5 Nf4 30. Rg3 Bf8 31. Nc6 Rb7 32. Qd2 Be7 33. Ra1 Bd8 34. Ra6 Nf8 35. Qc1 Rh7 36. Qa3 Bc7 37. Ra8 Bb6 38. Bxb6 Rxb6 39. Qa5 Rb7 40. Rd8 Qc7 41. Qxc7 Rhxc7 42. Rxd6 Kg7 43. Rd8 N8e6 44. dxe6 Rxc6 45. Rd7+ Rxd7 46. exd7 Rd6 47. Nxb5 Rxd7 48. Ra3 Rd1+ 49. Kf2 Rd2+ 50. Kf3 Rxc2 51. Rc3 Nd3 1/2-1/2

[Event "SVK-chT2D 0809"]
[Site "Slovakia"]
[Date "2008.11.08"]
[Round "3.3"]
[White "Koval, Daniel"]
[Black "Krajnak, Juraj"]
[Result "1-0"]
[WhiteElo "2100"]
[BlackElo "2162"]
[PlyCount "83"]
[EventDate "2008.10.11"]
[EventType "team-tourn"]
[EventRounds "11"]
[EventCountry "SVK"]
[SourceTitle "EXT 2010"]
[Source "ChessBase"]
[SourceDate "2010.11.25"]
[SourceVersion "1"]
[SourceVersionDate "2010.11.25"]
[SourceQuality "1"]
[WhiteTeam "Presov Prvy Sk"]
[BlackTeam "Kezmarok KdV II"]
[WhiteTeamCountry "SVK"]
[BlackTeamCountry "SVK"]

1. c4 e5 2. Nc3 Nc6 3. Nf3 Nf6 4. d4 exd4 5. Nxd4 Bb4 6. Bg5 Bxc3+ 7. bxc3 h6 8. Bf4 d6 9. c5 Nh5 10. Bd2 dxc5 11. Nxc6 bxc6 12. e4 Nf6 13. f3 0-0 14. Be2 Rb8 15. Qc2 Be6 16. 0-0 Nd7 17. Rad1 Qe7 18. f4 f5 19. e5 c4 20. Be3 Qa3 21. Rd2 Nc5 22. Bxc5 Qxc5+ 23. Kh1 Bd5 24. Rd4 Qb5 25. Rfd1 a5 26. Qd2 Be6 27. Qe1 c5 28. R4d2 a4 29. Bf3 a3 30. h3 Qa5 31. Bd5 Rfe8 32. Bxe6+ Rxe6 33. Qg3 Kh7 34. Rd7 Rg6 35. Qf3 Rb2 36. g4 Rc2 37. gxf5 Rgg2 38. f6 Rh2+ 39. Kg1 Rhg2+ 40. Kf1 Rgf2+ 41. Qxf2 Rxf2+ 42. Kxf2 1-0

[Event "SVK-chT2D 0809"]
[Site "Slovakia"]
[Date "2008.10.12"]
[Round "2.6"]
[White "Ondo, Radoslav"]
[Black "Krajnak, Juraj"]
[Result "0-1"]
[WhiteElo "2080"]
[BlackElo "2162"]
[PlyCount "68"]
[EventDate "2008.10.11"]
[EventType "team-tourn"]
[EventRounds "11"]
[EventCountry "SVK"]
[SourceTitle "EXT 2010"]
[Source "ChessBase"]
[SourceDate "2010.11.25"]
[SourceVersion "1"]
[SourceVersionDate "2010.11.25"]
[SourceQuality "1"]
[WhiteTeam "Michalovce Zemplin II"]
[BlackTeam "Kezmarok KdV II"]
[WhiteTeamCountry "SVK"]
[BlackTeamCountry "SVK"]

1. e4 e6 2. g3 d5 3. e5 c5 4. f4 Nc6 5. Nf3 h5 6. h4 Be7 7. Nc3 Nh6 8. Bh3 a6 9. a3 b5 10. d3 Nf5 11. Ne2 d4 12. 0-0 Bb7 13. Kh2 Qd7 14. Bg2 Rd8 15. Neg1 g6 16. Qe2 Bf8 17. Ng5 Be7 18. Ne4 Qc8 19. Nf3 Kf8 20. Bd2 Kg7 21. Nfg5 Rd7 22. b3 Rhd8 23. Bh3 Bxg5 24. Nxg5 Nce7 25. Bg2 Bxg2 26. Kxg2 Nd5 27. Kh3 Nde3 28. Rfc1 c4 29. Ba5 Re8 30. Ne4 Ng4 31. bxc4 bxc4 32. Bb4 Rc7 33. Bd6 Nxd6 34. exd6 Rc6 0-1

[Event "SVK-chT1E 0607"]
[Site "Slovakia"]
[Date "2007.01.14"]
[Round "7.4"]
[White "Krajnak, Juraj"]
[Black "Foglar, Ivan"]
[Result "1-0"]
[WhiteElo "2186"]
[BlackElo "2073"]
[PlyCount "68"]
[EventDate "2006.10.07"]
[EventType "team-tourn"]
[EventRounds "11"]
[EventCountry "SVK"]
[SourceTitle "EXT 2008"]
[Source "ChessBase"]
[SourceDate "2007.11.25"]
[SourceVersion "1"]
[SourceVersionDate "2007.11.25"]
[SourceQuality "1"]
[WhiteTeam "Kezmarok KdV"]
[BlackTeam "Margecany OSK"]
[WhiteTeamCountry "SVK"]
[BlackTeamCountry "SVK"]

1. f4 e5 2. fxe5 d6 3. Nf3 dxe5 4. e4 Bg4 5. Bc4 Bc5 6. Bxf7+ Kf8 7. Bb3 Nc6 8. d3 Nf6 9. Rf1 Nd4 10. Nxd4 Bxd1 11. Ne6+ Ke7 12. Nxd8 Bxc2 13. Bxc2 Raxd8 14. Bg5 h6 15. Bxf6+ gxf6 16. Nc3 c6 17. Ke2 Rhg8 18. g3 h5 19. Rf3 h4 20. Raf1 Rg6 21. Bb3 Rf8 22. Nd1 Rh8 23. Ne3 hxg3 24. hxg3 Rh2+ 25. R1f2 Rh3 26. Rg2 b5 27. Nf5+ Kd7 28. g4 Rh1 29. Rf1 Rh3 30. a4 a6 31. Rc1 Bb6 32. axb5 axb5 33. Be6+ Kc7 34. Bf7 Rg5 1-0

[Event "SVK-chT1E 0607"]
[Site "Slovakia"]
[Date "2006.12.03"]
[Round "6.4"]
[White "Kovac, Lubomir"]
[Black "Krajnak, Juraj"]
[Result "1/2-1/2"]
[WhiteElo "2131"]
[BlackElo "2186"]
[PlyCount "80"]
[EventDate "2006.10.07"]
[EventType "team-tourn"]
[EventRounds "11"]
[EventCountry "SVK"]
[SourceTitle "EXT 2008"]
[Source "ChessBase"]
[SourceDate "2007.11.25"]
[SourceVersion "1"]
[SourceVersionDate "2007.11.25"]
[SourceQuality "1"]
[WhiteTeam "Presov Tatran"]
[BlackTeam "Kezmarok KdV"]
[WhiteTeamCountry "SVK"]
[BlackTeamCountry "SVK"]

1. d4 e6 2. c4 d5 3. Nc3 Nf6 4. Bg5 Bb4 5. a3 Bxc3+ 6. bxc3 h6 7. Bxf6 Qxf6 8. e3 c5 9. Nf3 Nc6 10. Qb3 dxc4 11. Bxc4 cxd4 12. cxd4 0-0 13. Bb5 Na5 14. Qb2 b6 15. 0-0 Bb7 16. Ne5 Rfc8 17. Rfc1 Qg5 18. f4 Qd8 19. Bd7 Rc7 20. Rxc7 Qxc7 21. Rc1 Qd6 22. Ba4 f6 23. Nd3 Qd5 24. Nb4 Qd6 25. Rc3 Rc8 26. Qc1 Rxc3 27. Qxc3 Qd8 28. Kf2 Qc8 29. Qxc8+ Bxc8 30. Nc6 Nxc6 31. Bxc6 Kf7 32. Ke2 Ke7 33. Kd3 Kd6 34. Bf3 Ba6+ 35. Kc3 Bf1 36. g3 Ba6 37. Kb4 Bf1 38. Bb7 Be2 39. Kc3 Bb5 40. Bf3 Bf1 1/2-1/2

[Event "SVK-chT1E 0607"]
[Site "Slovakia"]
[Date "2006.12.02"]
[Round "5.3"]
[White "Petr, Milan"]
[Black "Krajnak, Juraj"]
[Result "0-1"]
[WhiteElo "2053"]
[BlackElo "2186"]
[PlyCount "66"]
[EventDate "2006.10.07"]
[EventType "team-tourn"]
[EventRounds "11"]
[EventCountry "SVK"]
[SourceTitle "EXT 2008"]
[Source "ChessBase"]
[SourceDate "2007.11.25"]
[SourceVersion "1"]
[SourceVersionDate "2007.11.25"]
[SourceQuality "1"]
[WhiteTeam "Svit SO"]
[BlackTeam "Kezmarok KdV"]
[WhiteTeamCountry "SVK"]
[BlackTeamCountry "SVK"]

1. d4 c5 2. Nf3 e6 3. e3 Nf6 4. c4 d5 5. Nc3 Nc6 6. Be2 Be7 7. 0-0 0-0 8. a3 b6 9. Qc2 Bb7 10. dxc5 bxc5 11. cxd5 exd5 12. Rd1 Rc8 13. Bd3 g6 14. Qe2 Ba8 15. h4 Re8 16. Bb5 Bd6 17. Qd2 Ne5 18. Ng5 Neg4 19. Bxe8 Qxe8 20. f3 Ne5 21. Qe2 h6 22. Nh3 Bc6 23. Nf4 d4 24. e4 Qd8 25. Ncd5 Nxd5 26. exd5 Bd7 27. Qe1 Qf6 28. Qg3 Kh7 29. Ra2 Nc4 30. b3 Ne3 31. Bxe3 dxe3 32. Nh5 gxh5 33. Qe1 Be5 0-1

[Event "SVK-chT1E 0607"]
[Site "Slovakia"]
[Date "2006.10.08"]
[Round "2.1"]
[White "Blicha, Martin"]
[Black "Krajnak, Juraj"]
[Result "1/2-1/2"]
[WhiteElo "1981"]
[BlackElo "2186"]
[PlyCount "127"]
[EventDate "2006.10.07"]
[EventType "team-tourn"]
[EventRounds "11"]
[EventCountry "SVK"]
[SourceTitle "EXT 2008"]
[Source "ChessBase"]
[SourceDate "2007.11.25"]
[SourceVersion "1"]
[SourceVersionDate "2007.11.25"]
[SourceQuality "1"]
[WhiteTeam "Kosice sachy.sk	 II"]
[BlackTeam "Kezmarok KdV"]
[WhiteTeamCountry "SVK"]
[BlackTeamCountry "SVK"]

1. e4 e6 2. d4 d5 3. Nd2 Nf6 4. e5 Nfd7 5. Bd3 c5 6. c3 Nc6 7. Ne2 cxd4 8. cxd4 f6 9. exf6 Nxf6 10. Nf3 Bd6 11. 0-0 0-0 12. Bg5 Qb6 13. Nc3 Bd7 14. a3 Rf7 15. Nb5 Bb8 16. Bh4 a6 17. Nc3 Bf4 18. Bg3 Nh5 19. Bxf4 Rxf4 20. g3 Rff8 21. Na4 Qd8 22. Nc5 Bc8 23. Ne5 g6 24. Nxc6 bxc6 25. Qe2 e5 26. dxe5 Qe7 27. b4 Bh3 28. Rfe1 a5 29. Qe3 axb4 30. axb4 Rxa1 31. Rxa1 Ng7 32. Bf1 Bc8 33. Bg2 Nf5 34. Qe1 Nd4 35. Ra2 Bh3 36. Qe3 Nf5 37. Qe1 Bxg2 38. Kxg2 Nd4 39. Qe3 Nf3 40. Ra6 Qxe5 41. Qxe5 Nxe5 42. f4 Nc4 43. Rxc6 Rb8 44. Nd3 Ra8 45. Rc5 Ra3 46. Ne1 Rb3 47. Kh3 Rxb4 48. Rxd5 Ne3 49. Rd3 Nf5 50. Ng2 Rb7 51. g4 Ng7 52. Kg3 h5 53. h3 hxg4 54. hxg4 Rb5 55. Ne3 Ne6 56. Kf3 Ra5 57. Rd6 Kf7 58. Nc4 Rb5 59. Ne5+ Ke7 60. Rd7+ Ke8 61. Rd3 g5 62. f5 Rxe5 63. fxe6 Ke7 64. Ra3 1/2-1/2

[Event "Tatry op"]
[Site "Tatranske Zruby"]
[Date "2006.09.30"]
[Round "9"]
[White "Kolesar, Michal"]
[Black "Krajnak, Juraj"]
[Result "0-1"]
[WhiteElo "2081"]
[BlackElo "2186"]
[PlyCount "84"]
[EventDate "2006.09.23"]
[EventType "swiss"]
[EventRounds "9"]
[EventCountry "SVK"]
[SourceTitle "CBM 114 Extra"]
[Source "ChessBase"]
[SourceDate "2006.11.03"]
[SourceVersion "1"]
[SourceVersionDate "2006.11.03"]
[SourceQuality "1"]

1. d4 c5 2. d5 e5 3. c4 d6 4. e4 g6 5. Nc3 Bg7 6. Be2 Ne7 7. f4 Nd7 8. Nf3 a6 9. 0-0 0-0 10. Qc2 f5 11. fxe5 dxe5 12. Bg5 h6 13. Bh4 g5 14. Bf2 f4 15. Ne1 b6 16. a4 a5 17. g4 Nf6 18. Qd1 h5 19. Nf3 hxg4 20. Nxe5 f3 21. Nxf3 gxf3 22. Bxf3 g4 23. Bg2 Ng6 24. d6 Bb7 25. Bg3 Qd7 26. e5 Bxg2 27. Kxg2 Qc6+ 28. Nd5 Nxd5 29. cxd5 Rxf1 30. dxc6 Rxd1 31. Rxd1 Nxe5 32. Bxe5 Bxe5 33. Rd5 Bf4 34. h3 gxh3+ 35. Kxh3 Kf7 36. d7 Bc7 37. Kg4 Ke7 38. Rh5 Kd6 39. Rh6+ Kd5 40. Kf3 Bd6 41. Ke3 Kxc6 42. Ke4 Rd8 0-1

[Event "SVK-chT1E 0506"]
[Site "Slovakia"]
[Date "2006.03.05"]
[Round "11"]
[White "Ilkovic, Frantisek"]
[Black "Krajnak, Juraj"]
[Result "0-1"]
[WhiteElo "1975"]
[BlackElo "2187"]
[PlyCount "56"]
[EventDate "2005.10.15"]
[EventType "team"]
[EventRounds "11"]
[EventCountry "SVK"]
[SourceTitle "EXT 2009"]
[Source "ChessBase"]
[SourceDate "2008.11.26"]
[SourceVersion "1"]
[SourceVersionDate "2008.11.26"]
[SourceQuality "1"]

1. e4 e6 2. d4 d5 3. exd5 exd5 4. Bd3 Bd6 5. Qf3 h6 6. Ne2 Nf6 7. Bf4 0-0 8. Nbc3 Re8 9. 0-0 Bg4 10. Qg3 Qd7 11. Rfe1 Nh5 12. Bb5 c6 13. Qd3 Nxf4 14. Nxf4 Bxf4 15. Ba4 Na6 16. a3 Nc7 17. h3 Bh5 18. Ne2 Bd6 19. Ng3 Bg6 20. Qf3 Ne6 21. c3 Ng5 22. Qd1 Rxe1+ 23. Qxe1 Re8 24. Qf1 Ne4 25. Ne2 b5 26. Bd1 Nd2 27. Qe1 Nf3+ 28. gxf3 Qxh3 0-1

[Event "Tatry op"]
[Site "Tatranske Zruby"]
[Date "2004.09.30"]
[Round "7"]
[White "Krajnak, Juraj"]
[Black "Sejkora, Vlastimil"]
[Result "0-1"]
[WhiteElo "2242"]
[BlackElo "2184"]
[PlyCount "64"]
[EventDate "2004.09.25"]
[EventType "swiss"]
[EventRounds "9"]
[EventCountry "SVK"]
[SourceTitle "CBM 102 Extra"]
[Source "ChessBase"]
[SourceDate "2004.11.03"]
[SourceVersion "1"]
[SourceVersionDate "2004.11.03"]
[SourceQuality "1"]

1. e4 c5 2. c3 d5 3. exd5 Qxd5 4. Nf3 e5 5. Bb5+ Bd7 6. Qe2 Bxb5 7. Qxb5+ Nd7 8. 0-0 0-0-0 9. d4 a6 10. Qe2 e4 11. Ng5 Re8 12. Re1 Nh6 13. b4 cxd4 14. cxd4 Bxb4 15. Rd1 f6 16. Nh3 g5 17. a3 Ba5 18. Bd2 Bxd2 19. Rxd2 Nf5 20. Nc3 Qa5 21. Rb1 e3 22. Rd3 exf2+ 23. Qxf2 Re7 24. Qf3 Nd6 25. Qg3 Re6 26. d5 Re5 27. Nf2 Rhe8 28. Ng4 Qc5+ 29. Kh1 Nf5 30. Qxe5 Nxe5 31. Nxe5 Rxe5 32. Na4 Qf2 0-1

[Event "Tatry op"]
[Site "Tatranske Zruby"]
[Date "2004.09.27"]
[Round "4"]
[White "Krajnak, Juraj"]
[Black "Karlik, Vladimir"]
[Result "1/2-1/2"]
[WhiteElo "2242"]
[BlackElo "2348"]
[PlyCount "21"]
[EventDate "2004.09.25"]
[EventType "swiss"]
[EventRounds "9"]
[EventCountry "SVK"]
[SourceTitle "CBM 102 Extra"]
[Source "ChessBase"]
[SourceDate "2004.11.03"]
[SourceVersion "1"]
[SourceVersionDate "2004.11.03"]
[SourceQuality "1"]

1. e4 c5 2. Nf3 Nc6 3. Bb5 g6 4. Bxc6 dxc6 5. d3 Bg7 6. h3 Nf6 7. 0-0 Qc7 8. Be3 b6 9. Qd2 e5 10. Nc3 0-0 11. Bh6 1/2-1/2

[Event "Tatry op"]
[Site "Tatranske Zruby"]
[Date "2004.09.26"]
[Round "2"]
[White "Swiderski, Marek"]
[Black "Krajnak, Juraj"]
[Result "0-1"]
[WhiteElo "2078"]
[BlackElo "2242"]
[PlyCount "44"]
[EventDate "2004.09.25"]
[EventType "swiss"]
[EventRounds "9"]
[EventCountry "SVK"]
[SourceTitle "CBM 102 Extra"]
[Source "ChessBase"]
[SourceDate "2004.11.03"]
[SourceVersion "1"]
[SourceVersionDate "2004.11.03"]
[SourceQuality "1"]

1. e4 e6 2. Nf3 d5 3. exd5 exd5 4. d4 Bd6 5. Bd3 Nf6 6. 0-0 0-0 7. Re1 Nc6 8. c3 h6 9. h3 Re8 10. Nbd2 Ne7 11. Nf1 Be6 12. Ne5 c5 13. Bb5 Rf8 14. b3 Ne4 15. Bb2 cxd4 16. cxd4 Bxe5 17. dxe5 Nxf2 18. Qd4 Ne4 19. Ne3 a6 20. Be2 Nc6 21. Qd1 Qh4 22. Bg4 Qf2+ 0-1

[Event "Tatry op"]
[Site "Tatranske Zruby"]
[Date "2003.10.02"]
[Round "7"]
[White "Krajnak, Juraj"]
[Black "Stockova, Zuzana"]
[Result "1/2-1/2"]
[WhiteElo "2203"]
[BlackElo "2380"]
[PlyCount "139"]
[EventDate "2003.09.27"]
[EventType "swiss"]
[EventRounds "9"]
[EventCountry "SVK"]
[SourceTitle "CBM 096 Extra"]
[Source "ChessBase"]
[SourceDate "2003.10.22"]
[SourceVersion "2"]
[SourceVersionDate "2003.10.20"]
[SourceQuality "1"]

1. e4 c5 2. Nf3 Nc6 3. Nc3 g6 4. b3 Bg7 5. Bb2 Nf6 6. Nd5 0-0 7. Nxf6+ Bxf6 8. Bc3 d5 9. exd5 Qxd5 10. Bc4 Qd6 11. Bxf6 Qxf6 12. 0-0 Rd8 13. h3 b6 14. d3 a6 15. a4 Rb8 16. d4 b5 17. axb5 axb5 18. Bd3 Nxd4 19. Nxd4 Rxd4 20. Qe2 Qg5 21. Ra5 Bb7 22. f3 Bc6 23. Re1 Qg3 24. Qe5 Qxe5 25. Rxe5 c4 26. Bf1 cxb3 27. cxb3 Rb4 28. Rc5 Bd7 29. Rc3 Be6 30. Rc5 Rxb3 31. Raxb5 R8xb5 32. Bxb5 Rb1+ 33. Kf2 Rb2+ 34. Be2 h5 35. h4 Kg7 36. Rc7 Kf6 37. Rc5 Bf5 38. Ke3 e5 39. Rc6+ Be6 40. Rc5 Rb4 41. g3 Rb3+ 42. Kf2 Rb2 43. Ke3 Ra2 44. Kf2 Bb3 45. Ke3 Ke6 46. Rc6+ Ke7 47. Rc7+ Kd6 48. Rc3 Bd5 49. Rc1 f5 50. Rc3 f4+ 51. gxf4 exf4+ 52. Kf2 Ke5 53. Rc8 Be6 54. Rc5+ Kd6 55. Rc1 Bf5 56. Rd1+ Ke5 57. Rd8 Rb2 58. Kf1 Rb1+ 59. Kg2 Rb6 60. Kf2 g5 61. hxg5 Rg6 62. Bd3 Bxd3 63. Rxd3 Rxg5 64. Rd8 Rf5 65. Re8+ Kf6 66. Rh8 Kg5 67. Rg8+ Kh4 68. Rg7 Ra5 69. Rg8 Ra2+ 70. Kf1 1/2-1/2

[Event "Tatry op"]
[Site "Tatranske Zruby"]
[Date "2003.10.01"]
[Round "6"]
[White "Vrana, Frantisek"]
[Black "Krajnak, Juraj"]
[Result "0-1"]
[WhiteElo "2300"]
[BlackElo "2203"]
[PlyCount "158"]
[EventDate "2003.09.27"]
[EventType "swiss"]
[EventRounds "9"]
[EventCountry "SVK"]
[SourceTitle "CBM 096 Extra"]
[Source "ChessBase"]
[SourceDate "2003.10.22"]
[SourceVersion "2"]
[SourceVersionDate "2003.10.20"]
[SourceQuality "1"]

1. e4 Nf6 2. Nc3 e5 3. Nf3 Nc6 4. Bb5 Bc5 5. Nxe5 0-0 6. 0-0 Re8 7. Nd3 Bd4 8. Qf3 Bxc3 9. dxc3 Nxe4 10. Nb4 Nxb4 11. cxb4 c6 12. Bd3 d5 13. Re1 Qh4 14. Qf4 Qxf4 15. Bxf4 Bd7 16. f3 Nf6 17. Kf2 Rxe1 18. Rxe1 Re8 19. Rxe8+ Nxe8 20. Bb8 a6 21. Ke3 Be6 22. Kd4 Nf6 23. Bd6 Nd7 24. g4 g6 25. h3 f6 26. f4 f5 27. g5 Kf7 28. h4 b5 29. Be2 Ke8 30. h5 Bf7 31. h6 Kd8 32. b3 Kc8 33. a4 Kb7 34. Bd3 Be6 35. Be7 Kc7 36. Be2 Bf7 37. Bc5 Be6 38. Kd3 Bf7 39. Bf1 Be6 40. Ba7 Bf7 41. Bd4 Be6 42. Bc3 Bf7 43. Bd2 Be6 44. Kd4 Kb6 45. Be2 Bf7 46. c4 Be6 47. Kc3 dxc4 48. bxc4 bxc4 49. Bxc4 Bxc4 50. Kxc4 Kc7 51. Be3 Kd6 52. Ba7 Ke6 53. Bc5 Kf7 54. Kd4 Ke6 55. a5 Kf7 56. Bd6 Ke6 57. Bc7 Kf7 58. Bb6 Ke6 59. Bc5 Kf7 60. Kc4 Ke6 61. Bd4 Kd6 62. Ba7 Ke6 63. Kd4 Kd6 64. Kc4 Ke6 65. Bd4 Kd6 66. Bb6 Ke6 67. Kd4 Kd6 68. Bd8 Ke6 69. Bc7 Kf7 70. b5 cxb5 71. Kd5 Ke7 72. Bd6+ Kf7 73. Kc6 Ke6 74. Bb4 Ne5+ 75. Kb6 Nd3 76. Bd2 Kd5 77. Kxa6 Kc6 78. Ka7 Kc7 79. Ka6 b4 0-1